| 000 | 00000nam##2200000za#4500 |
| 001 | 9.603378 |
| 003 | CaOODSP |
| 005 | 20210624211037 |
| 007 | cr ||||||||||| |
| 008 | 150406|2005||||xxc|||||o f|0| 0 fre|d |
| 040 | |aCaOODSP|bfre |
| 043 | |an-cn--- |
| 086 | 1 |aBT31-4/6-2005F-PDF |
| 110 | 1 |aCanada. |bConseil du trésor. |
| 245 | 10|aAffaires indiennes et du Nord Canada, Commission canadienne des affaires polaires et Commission des revendications particulières des Indiens - rapport sur le rendement ministériel 2004-2005 |h[ressource électronique] |
| 260 | |aOttawa - Ontario : |bSecrétariat du Conseil du Trésor du Canada |c[2005]. |
| 300 | |a80p.|borganigramme, tableaux |
| 490 | 1 |aRapport sur le rendement pour la période se terminant le 31 mars 2005 |
| 590 | |a12-07-Supp|b2012-03-09 |
| 775 | 08|tIndian and Northern Affairs Canada, Canadian Polar Commission and Indian Specific Claims Commission, 2004-2005 departmental performance report |w(CaOODSP)9.573164 |
| 776 | 0#|tIndian and Northern Affairs Canada and Canadian Polar Commission |w(CaOODSP)9.541806 |
| 776 | 0#|tAffaires indiennes et du Nord Canada et Commission canadienne des affaires polaires |w(CaOODSP)9.541807 |
| 830 | #0|aRapport sur le rendement pour la période se terminant le 31 mars 2005.|w(CaOODSP)9.502661 |
| 856 | 40|ahttp://publications.gc.ca|qPDF|s1.28 Mo|uhttps://publications.gc.ca/collections/collection_2012/sct-tbs/BT31-4-6-2005-fra.pdf |